| 000 | 00831nam a2200205 a 4500 | ||
|---|---|---|---|
| 003 | 0 | ||
| 005 | 20250210140550.0 | ||
| 008 | 130129s19uu xx 00 eng d | ||
| 050 |
_aPHS LB 1050.46 _b.L477 2012 |
||
| 100 | _aLee, Dong Ryul (Harry). | ||
| 245 |
_aRelationship between Lexile level and experiences of racial discrimination among 4th year high school students / _cLee Dong Ryul (Harry). |
||
| 260 |
_aLas PiƱas City, Philippines : _bSouthville International School and Colleges, _c2012. |
||
| 300 |
_a31 pages : _billustrations ; _c28 cm. |
||
| 504 | _aIncludes bibliographical references. | ||
| 650 |
_aReading ability _xInfluence. |
||
| 650 |
_aHigh school students _xSocial aspects _xAnalysis. |
||
| 650 |
_aRacism in schools _xPsychological aspects. |
||
| 651 | _aLexile framework for reading. | ||
| 942 |
_2lcc _cPASS |
||
| 999 |
_c98888 _d98888 |
||